Enciclopedia de la política /

Aquí se recogen las acepciones políticas de las palabras, la significación que ellas tienen en el ámbito de lo político. El autor es investigador en ciencias sociales, doctor honoris causa por la Sorbona de París y distinguido con las más altas condecoraciones de diversos países.

Bibliographic Details
Main Author: Borja, Rodrigo 1935-
Format: Libro
Language:Spanish
Published: México Fondo de Cultura Económica 2002
Subjects:
Online Access:

MARC

LEADER 00000cam a2200000 a 4500
001 038913
003 UAHC_CL
005 20170803124320.0
008 120109s2002 mx 000 spa
020 |a 9681668006 
040 |a UAHC_CL  |c UAHC_CL  |d UAHC_CL 
082 0 4 |a 320.03  |b B734  |2 21 
100 1 |a Borja, Rodrigo  |d 1935- 
245 1 0 |a Enciclopedia de la política /  |c por Rodrigo Borja. 
260 |b Fondo de Cultura Económica  |a México  |c 2002 
300 |a 2 v. 
505 0 |a v.1. A-G -- v.2. H-Z 
520 |a Aquí se recogen las acepciones políticas de las palabras, la significación que ellas tienen en el ámbito de lo político. El autor es investigador en ciencias sociales, doctor honoris causa por la Sorbona de París y distinguido con las más altas condecoraciones de diversos países. 
521 |a Sociologia Política 
650 4 |a CIENCIAS POLITICAS  |v ENCICLOPEDIAS  |x ESPAÑOL 
653 |a OB. SOCIOLOGIA 
658 |a Jiménez, Juan 
900 |a R320.03 BOR 
942 |c BK 
952 |0 0  |1 0  |4 0  |6 R_320_030000000000000_BOR  |7 0  |8 Referencia  |9 74384  |a BC  |b BC  |c Referencia  |d 2017-08-03  |l 0  |o R320.03 BOR  |p 1391037  |r 2025-11-27 00:00:00  |t 1  |w 2017-08-03  |y BK 
952 |0 0  |1 0  |4 0  |6 R_320_030000000000000_BOR  |7 0  |8 Referencia  |9 74385  |a BC  |b BC  |c Referencia  |d 2017-08-03  |l 0  |o R320.03 BOR  |p 1386008  |r 2025-11-27 00:00:00  |t 2  |w 2017-08-03  |y BK 
999 |c 38913  |d 38913